Países de Asia menos adivinados en Jetpunk - Estadísticas

Estadísticas generales
  • Esta prueba ha sido intentada 30 veces
  • La puntuación promedio es 22 de 26
Estadísticas de respuestas
% de adivinación País % Correcto
31 Kirguistán
96%
46 Armenia
92%
40 Azerbaiyán
92%
34 Bután
92%
44 Georgia
92%
48 Omán
92%
28 Tayikistán
92%
35 Turkmenistán
92%
43 Uzbekistán
92%
44 Laos
88%
50 Nepal
88%
50 Siria
88%
43 Sri Lanka
88%
39 Camboya
85%
30 Kuwait
85%
22 Baréin
81%
21 Brunéi
81%
41 Jordania
81%
40 Líbano
81%
18 Timor Oriental
81%
35 Singapur
77%
44 Malasia
73%
31 Maldivas
73%
35 Myanmar
73%
46 Taiwán
73%
38 Bangladés
69%
No se encontraron pruebas coincidentes
Distribución de puntuación
Porcentaje de gente con cada puntuación
Porcentaje por número respondido
Historial de tus puntuaciones
No has intentado esta prueba.